000
00292nam a22001337a 4500
008
181001b xxu||||| |||| 00| 0 eng d
020
_a
9781256579564
041
_a
eng
080
_a
330.722.6
100
_a
61
101
_a
KF
245
_a
College accounting
_c
Kursh,S.R
942
_2
udc
_c
BK
999
_c
48729
_d
48729